[Event "Frankfurt Ch A 2015"]
[Site "Ffm-Höchst, BiKuZ"]
[Date "2015.05.04"]
[Round "2.14"]
[White "Krüger, Till"]
[Black "Fucik, Timo"]
[Result "0-1"]
[WhiteElo "1856"]
[BlackElo "2023"]
[PlyCount "116"]
[EventDate "2015.??.??"]
[WhiteTeam "SC Nidderau"]
[BlackTeam "SK Ettlingen"]

1. e4 c5 2. Nf3 d6 3. Bb5+ Bd7 4. Bxd7+ Qxd7 5. c4 Nc6 6. d4 cxd4 7. Nxd4 g6 8.
b3 Bg7 9. Bb2 Nf6 10. Nc3 O-O 11. O-O e6 12. Qd2 Rfd8 13. f3 d5 14. Nxc6 bxc6
15. cxd5 cxd5 16. exd5 Qb7 17. Rfd1 Nxd5 18. Ne4 Qb6+ 19. Bd4 Bxd4+ 20. Qxd4
Nb4 21. Qxb6 axb6 22. a4 Kf8 23. Rd6 Rxd6 24. Nxd6 Ke7 25. Nb5 Rd8 26. Rc1 Rd3
27. Rc3 Rxc3 28. Nxc3 Kd6 29. Kf2 Kc5 30. Ne4+ Kd4 31. Ke2 f5 32. Nd6 Kc3 33.
Nc4 Nd5 34. Nd2 Nf4+ 35. Kd1 Nxg2 36. Nc4 Kxb3 37. Nxb6 Kb4 38. Nd7 Kxa4 39.
Nc5+ Kb4 40. Nxe6 h6 41. Ke2 Kc4 42. Kf2 Kd5 43. Nc7+ Kd6 44. Nb5+ Kc5 45. Nc3
Nf4 46. Nd1 Kd4 47. Kg3 Nh5+ 48. Kf2 Nf4 49. Kg3 Nd3 50. h3 Ke5 51. Nc3 f4+ 52.
Kg2 Kd4 53. Ne4 Ke3 54. Nf6 Ne1+ 55. Kf1 Nxf3 56. Ng4+ Ke4 57. Nxh6 Ng5 58. Kg2
f3+ 0-1

[Event "Frankfurt Ch A 2015"]
[Site "Ffm-Höchst, BiKuZ"]
[Date "2015.05.04"]
[Round "2.15"]
[White "Roggensack, Hans Peter"]
[Black "Kulenovic, Adnan"]
[Result "1-0"]
[WhiteElo "1998"]
[BlackElo "1853"]
[PlyCount "73"]
[EventDate "2015.??.??"]
[WhiteTeam "SF Frankfurt"]
[BlackTeam "SC Rodenbach"]

1. Nf3 Nc6 2. d4 d5 3. e3 h6 4. Nbd2 Bf5 5. a3 g5 6. b4 Bg7 7. Bb2 e6 8. Bb5
Nge7 9. Nb3 O-O 10. Bd3 Qe8 11. O-O f6 12. c4 Qg6 13. Bxf5 Qxf5 14. cxd5 Nxd5
15. Nc5 Nb6 16. e4 Qg6 17. Nxe6 Rf7 18. Re1 Nc4 19. Bc3 Nd8 20. Nxg7 Kxg7 21.
Qb3 Nb6 22. d5 Re7 23. e5 Kh7 24. exf6 Rxe1+ 25. Rxe1 Nf7 26. d6 cxd6 27. Re7
Rf8 28. h3 Kg8 29. Bd4 Rc8 30. Qe6 Rf8 31. Rxb7 Qc2 32. Rxf7 Rxf7 33. Qe8+ Rf8
34. f7+ Kh7 35. Qxf8 Qc1+ 36. Kh2 Qf4+ 37. g3 1-0

[Event "Frankfurt Ch A 2015"]
[Site "Ffm-Höchst, BiKuZ"]
[Date "2015.05.04"]
[Round "2.16"]
[White "Hochmuth, Christian"]
[Black "Perlitz, Sven"]
[Result "0-1"]
[WhiteElo "1795"]
[BlackElo "1997"]
[PlyCount "66"]
[EventDate "2015.??.??"]
[WhiteTeam "SG Wächtersbach"]
[BlackTeam "SC Nied"]

1. d4 Nf6 2. c4 g6 3. Nf3 Bg7 4. g3 O-O 5. Bg2 d5 6. cxd5 Nxd5 7. O-O Nc6 8.
Nc3 Nb6 9. e3 Re8 10. Ne1 e5 11. d5 Na5 12. e4 c6 13. b4 Nac4 14. dxc6 Qxd1 15.
Nxd1 bxc6 16. Nc2 a5 17. Nde3 Bf8 18. Nxc4 Nxc4 19. Rb1 axb4 20. Nxb4 Rb8 21.
a3 Be6 22. Bb2 Nxb2 23. Rxb2 c5 24. Nd3 c4 25. Nb4 Rec8 26. Rc1 c3 27. Rbc2 Bh6
28. f4 exf4 29. Rxc3 f3 30. Rxc8+ Bxc8 31. Nc6 Be3+ 32. Kh1 fxg2+ 33. Kxg2 Rb2+
0-1

[Event "Frankfurt Ch A 2015"]
[Site "Ffm-Höchst, BiKuZ"]
[Date "2015.05.04"]
[Round "2.17"]
[White "Calvi, Stefan"]
[Black "Zimmer, Gerald"]
[Result "1/2-1/2"]
[WhiteElo "1980"]
[BlackElo "1819"]
[PlyCount "95"]
[EventDate "2015.??.??"]
[WhiteTeam "SF Frankfurt"]
[BlackTeam "SC Bergen-Enkheim"]

1. e4 e6 2. d3 d5 3. Qe2 dxe4 4. dxe4 Nc6 5. Nf3 e5 6. c3 Nf6 7. g3 a5 8. Bg2
Bd6 9. O-O O-O 10. Qc2 Be6 11. Nbd2 Nd7 12. Re1 Be7 13. Nf1 Bc5 14. Be3 Qe7 15.
Bxc5 Qxc5 16. Ne3 Nb6 17. Ng5 Bd7 18. Qe2 f6 19. Nf3 Be6 20. Bf1 Rfd8 21. Qb5
Qxb5 22. Bxb5 Ne7 23. b3 c6 24. Bf1 g5 25. Rad1 Kf7 26. Nd2 a4 27. Ndc4 Nxc4
28. Nxc4 Rxd1 29. Rxd1 b5 30. Nd6+ Kf8 31. c4 axb3 32. axb3 bxc4 33. Bxc4 Bxc4
34. Nxc4 Rb8 35. Rd3 Kf7 36. Kg2 Ke8 37. Rf3 Ng8 38. g4 Ke7 39. Ne3 Ke6 40. Nf5
Ne7 41. Rh3 Rh8 42. Ng7+ Kf7 43. Nh5 Ng6 44. Rc3 Rc8 45. Kf3 Nf4 46. Ng3 Ke6
47. Nf5 Kd7 48. Ke3 1/2-1/2

[Event "Frankfurt Ch A 2015"]
[Site "Ffm-Höchst, BiKuZ"]
[Date "2015.05.04"]
[Round "2.18"]
[White "Neubauer, Robert"]
[Black "Benninger, Rudolf"]
[Result "0-1"]
[WhiteElo "1670"]
[BlackElo "1970"]
[PlyCount "118"]
[EventDate "2015.??.??"]
[WhiteTeam "SK Bad Homburg"]
[BlackTeam "SC Heusenstamm"]

1. e4 c5 2. Nf3 g6 3. d4 Bg7 4. c4 Qb6 5. Nc3 cxd4 6. Nd5 Qa5+ 7. b4 Qd8 8.
Nxd4 Nf6 9. Nxf6+ Bxf6 10. Rb1 Nc6 11. Nxc6 bxc6 12. Bb2 O-O 13. e5 Bg7 14. Bd3
Qc7 15. Qe2 a5 16. b5 Bb7 17. b6 Qd8 18. O-O d6 19. exd6 exd6 20. c5 dxc5 21.
a4 Bd4 22. Bc4 Qf6 23. Qc2 Rfe8 24. Ba1 Rad8 25. Rb3 Bc8 26. Bc3 Bf5 27. Qc1
Be4 28. Bxa5 Be5 29. Bd2 Rd7 30. a5 Qd6 31. f4 Qxd2 32. Qxd2 Rxd2 33. Bxf7+
Kxf7 34. fxe5+ Ke6 35. Rf6+ Kxe5 36. Rf7 Red8 37. Rf2 Rd1+ 38. Rf1 Rxf1+ 39.
Kxf1 c4 40. Re3 Rb8 41. Ke2 c5 42. g3 Kd4 43. Kd2 Rb7 44. h4 h5 45. Ra3 Bc6 46.
Re3 Bb5 47. Ra3 Ba6 48. Rf3 Re7 49. Rf6 c3+ 50. Kd1 Be2+ 51. Kc1 Bb5 52. Rf4+
Kd3 53. Rf3+ Kc4 54. Rf1 Kb3 55. Rd1 Kb4 56. Kb1 c2+ 57. Kxc2 Ba4+ 58. Kc1 Bxd1
59. a6 Bf3 0-1

[Event "Frankfurt Ch A 2015"]
[Site "Ffm-Höchst, BiKuZ"]
[Date "2015.05.04"]
[Round "2.19"]
[White "Biegel, Thomas"]
[Black "Gutacker, Stephan"]
[Result "1/2-1/2"]
[WhiteElo "1961"]
[BlackElo "1809"]
[PlyCount "84"]
[EventDate "2015.??.??"]
[WhiteTeam "SVG Eppstein"]
[BlackTeam "Sfr. Kelkheim"]

1. c4 Nf6 2. g3 e6 3. Bg2 d5 4. Nf3 Be7 5. O-O O-O 6. d4 c6 7. Nbd2 Nbd7 8. Qc2
b6 9. e4 dxe4 10. Nxe4 Nxe4 11. Qxe4 Bb7 12. Rd1 Nf6 13. Qc2 Qc7 14. Bf4 Bd6
15. Ne5 Nh5 16. Be4 f5 17. Bf3 Nxf4 18. gxf4 Rfd8 19. Qc3 c5 20. d5 exd5 21.
Bxd5+ Bxd5 22. Rxd5 Re8 23. Rad1 Re6 24. Re1 Rae8 25. Re3 a6 26. Qd3 g6 27. Kf1
R8e7 28. Qe2 Kg7 29. Nd3 Re4 30. b3 Bxf4 31. Qb2+ Kg8 32. Rxe4 fxe4 33. Nxf4
Qxf4 34. Rd8+ Kf7 35. Qh8 Ke6 36. Rd5 e3 37. Qg8+ Qf7 38. Qc8+ Kf6 39. fxe3
Rxe3 40. Rd7 Re7 41. Rxe7 Qxe7 42. Qxa6 Qd6 1/2-1/2

[Event "Frankfurt Ch A 2015"]
[Site "Ffm-Höchst, BiKuZ"]
[Date "2015.05.04"]
[Round "2.20"]
[White "Willems, Matthias"]
[Black "Reimer, Otto"]
[Result "1-0"]
[WhiteElo "1949"]
[BlackElo "1791"]
[PlyCount "89"]
[EventDate "2015.??.??"]
[WhiteTeam "SC Bad Nauheim"]
[BlackTeam "SK Bad Homburg"]

1. d4 Nf6 2. Nf3 g6 3. c4 Bg7 4. e3 O-O 5. Be2 d6 6. Nc3 Nbd7 7. O-O Re8 8. Qc2
e5 9. dxe5 dxe5 10. e4 c6 11. Be3 Qc7 12. h3 Nh5 13. c5 Nf4 14. Bc4 Nf8 15.
Rfd1 N8e6 16. Rd2 Qe7 17. Na4 Qf6 18. Qd1 g5 19. Nh2 h5 20. Bf1 Nd4 21. b3 Qg6
22. f3 Bf6 23. Rc1 Nfe6 24. Nb2 Be7 25. Nd3 Qf6 26. b4 b6 27. Bxd4 Nxd4 28. f4
gxf4 29. Qxh5 bxc5 30. bxc5 Bf8 31. Ng4 Bxg4 32. Qxg4+ Bg7 33. Ne1 Rab8 34. Nf3
Rb4 35. Ng5 Rd8 36. Bc4 Rf8 37. Qh5 Bh6 38. Nxf7 Kg7 39. Nxh6 Qxh6 40. Qxe5+
Qf6 41. Qxf6+ Kxf6 42. Rxd4 Ke5 43. Rd6 Kxe4 44. Re1+ Kf5 45. Bd3+ 1-0

[Event "Frankfurt Ch A 2015"]
[Site "Ffm-Höchst, BiKuZ"]
[Date "2015.05.04"]
[Round "2.21"]
[White "Laufenburg, Frank"]
[Black "Seickel, Ralf"]
[Result "0-1"]
[WhiteElo "1595"]
[BlackElo "1937"]
[PlyCount "66"]
[EventDate "2015.??.??"]
[WhiteTeam "SC Bergen-Enkheim"]
[BlackTeam "vereinslos"]

1. Nf3 g6 2. d4 Nf6 3. Bf4 Bg7 4. e3 O-O 5. c4 d5 6. Nc3 c5 7. dxc5 Qa5 8. Qa4
Qxc5 9. b4 Qc6 10. Rc1 dxc4 11. b5 Qb6 12. Bxc4 Be6 13. Bxe6 Qxe6 14. O-O Nbd7
15. Nd4 Qb6 16. Nf3 Nc5 17. Qc2 Rac8 18. Qe2 Nfe4 19. Nxe4 Nxe4 20. Be5 Nc3 21.
Qb2 Qxb5 22. Bxc3 Qxb2 23. Bxb2 Bxb2 24. Rb1 Rc2 25. Ne1 Re2 26. Nd3 Bf6 27. a4
Rd8 28. Nc5 b6 29. Ne4 Bg7 30. Rbc1 Ra2 31. Rc4 h6 32. Rc7 Rxa4 33. Rxe7 Kf8
0-1

[Event "Frankfurt Ch A 2015"]
[Site "Ffm-Höchst, BiKuZ"]
[Date "2015.05.04"]
[Round "2.22"]
[White "Breitwieser, Jasmin"]
[Black "Thole, Markus"]
[Result "1/2-1/2"]
[WhiteElo "1925"]
[BlackElo "1773"]
[PlyCount "85"]
[EventDate "2015.??.??"]
[WhiteTeam "SF Frankfurt"]
[BlackTeam "SG Rödermark"]

1. Nf3 Nf6 2. g3 e6 3. Bg2 d5 4. d4 b6 5. O-O Bb7 6. c4 Nbd7 7. Nc3 Be7 8. Qa4
O-O 9. Ne5 Nxe5 10. dxe5 Nd7 11. cxd5 Nc5 12. Qd1 exd5 13. Nxd5 c6 14. Nxe7+
Qxe7 15. Qd6 Rfe8 16. Qxe7 Rxe7 17. f4 Rd8 18. Be3 Na4 19. Rfd1 Red7 20. Rxd7
Rxd7 21. Rc1 Nxb2 22. Bxc6 Rd1+ 23. Rxd1 Nxd1 24. Bxb7 Nxe3 25. Kf2 Nd1+ 26.
Ke1 Nc3 27. a3 Nb5 28. a4 Nc7 29. Bc6 Kf8 30. f5 Ke7 31. g4 h6 32. Be4 Na6 33.
h4 Nc5 34. Bc2 Nd7 35. g5 hxg5 36. hxg5 Nxe5 37. Kd2 Kd6 38. Ke3 f6 39. gxf6
gxf6 40. Kd4 Kc6 41. Be4+ Kd6 42. Bc2 Kc6 43. Be4+ 1/2-1/2

[Event "Frankfurt Ch A 2015"]
[Site "Ffm-Höchst, BiKuZ"]
[Date "2015.05.04"]
[Round "2.23"]
[White "Rutsatz, Mario"]
[Black "Benikhis, Avram"]
[Result "0-1"]
[WhiteElo "1917"]
[BlackElo "1724"]
[PlyCount "76"]
[EventDate "2015.??.??"]
[WhiteTeam "SF Frankfurt"]
[BlackTeam "SC Eschbach"]

1. Nf3 d5 2. g3 Nf6 3. Bg2 c6 4. O-O Bg4 5. Ne5 Bf5 6. c4 dxc4 7. Nxc4 Nbd7 8.
b4 e6 9. Qb3 Be7 10. d3 O-O 11. Bb2 Bg4 12. e4 Rc8 13. f3 Bh5 14. d4 b6 15. Nc3
c5 16. dxc5 bxc5 17. b5 Nb6 18. Rad1 Qc7 19. Ne2 Nxc4 20. Qxc4 Nd7 21. Nf4 Nb6
22. Qc3 Bf6 23. e5 Na4 24. Qb3 Nxb2 25. exf6 Nxd1 26. Nxh5 Qe5 27. fxg7 Rfd8
28. Rxd1 Qxh5 29. Re1 Qd5 30. Qa3 Qd4+ 31. Kh1 c4 32. Bh3 Rc7 33. f4 c3 34. Bg2
c2 35. Bc6 Qf2 36. Rg1 Kxg7 37. Qc3+ f6 38. Qb3 Rd2 0-1

[Event "Frankfurt Ch A 2015"]
[Site "Ffm-Höchst, BiKuZ"]
[Date "2015.05.04"]
[Round "2.24"]
[White "Kolker, Vladislav"]
[Black "Krischak, Werner"]
[Result "1/2-1/2"]
[WhiteElo "1908"]
[BlackElo "1681"]
[PlyCount "37"]
[EventDate "2015.??.??"]
[WhiteTeam "SC Bad Nauheim"]
[BlackTeam "SK Marburg"]

1. e4 c6 2. Nf3 d5 3. exd5 cxd5 4. Ne5 Nc6 5. d4 Nf6 6. c3 g6 7. Nd2 Bg7 8. Bd3
Nxe5 9. dxe5 Ng4 10. f4 Qb6 11. Qe2 O-O 12. Nb3 f6 13. h3 Nh6 14. Be3 Qc7 15.
exf6 Bxf6 16. O-O-O Nf5 17. Bf2 Qxf4+ 18. Kb1 e5 19. Bc2 1/2-1/2

[Event "Frankfurt Ch A 2015"]
[Site "Ffm-Höchst, BiKuZ"]
[Date "2015.05.04"]
[Round "2.25"]
[White "Lemonidis, Christos"]
[Black "Marzahn, Heiko"]
[Result "1-0"]
[WhiteElo "1686"]
[BlackElo "2025"]
[PlyCount "61"]
[EventDate "2015.??.??"]
[WhiteTeam "SC Nied"]
[BlackTeam "Sfr. Erbach"]

1. e4 c5 2. d3 g6 3. g3 Bg7 4. Bg2 Nc6 5. Nh3 b5 6. O-O Bb7 7. Nc3 b4 8. Ne2 e6
9. f4 Nge7 10. Rb1 O-O 11. Be3 Qa5 12. g4 f5 13. Ng3 Nd4 14. c3 Ndc6 15. gxf5
gxf5 16. exf5 Nxf5 17. Nxf5 Rxf5 18. Be4 Raf8 19. Ng5 h6 20. Bxf5 Rxf5 21. Ne4
Ba8 22. Nd6 Rd5 23. Ne8 Bh8 24. Qg4+ Kf7 25. f5 exf5 26. Rxf5+ Rxf5 27. Nd6+
Ke6 28. Nxf5 Ne5 29. Qg8+ Kxf5 30. Qxa8 Bg7 31. Rf1+ 1-0

[Event "Frankfurt Ch A 2015"]
[Site "Ffm-Höchst, BiKuZ"]
[Date "2015.05.04"]
[Round "2.26"]
[White "Illenberger, Dirk"]
[Black "Gräbner, Walter"]
[Result "1/2-1/2"]
[WhiteElo "1698"]
[BlackElo "1955"]
[PlyCount "44"]
[EventDate "2015.??.??"]
[WhiteTeam "TSG Nieder-Erlenbach"]
[BlackTeam "SC Nied"]

1. e4 c6 2. d4 d5 3. exd5 cxd5 4. Bd3 Nf6 5. c3 Nc6 6. Bf4 g6 7. Nd2 Bg7 8. h3
O-O 9. Ngf3 Re8 10. O-O Nd7 11. Re1 e5 12. dxe5 Ndxe5 13. Nxe5 Nxe5 14. Bxe5
Rxe5 15. Rxe5 Bxe5 16. Nf3 Bg7 17. Bc2 b6 18. Bb3 Bb7 19. Qd3 Qd7 20. Rd1 Rd8
21. Nd4 Bf6 22. Qc2 a6 1/2-1/2

[Event "Frankfurt Ch A 2015"]
[Site "Ffm-Höchst, BiKuZ"]
[Date "2015.05.04"]
[Round "2.27"]
[White "Lebermann, Hellmuth"]
[Black "Kirschner, Matthias"]
[Result "1-0"]
[WhiteElo "1935"]
[BlackElo "1573"]
[PlyCount "35"]
[EventDate "2015.??.??"]
[WhiteTeam "SK Bad Homburg"]
[BlackTeam "SV Nauheim"]

1. e4 d6 2. d4 Nf6 3. Bd3 e5 4. f4 exf4 5. Bxf4 Be7 6. Nf3 Bg4 7. Nbd2 Nbd7 8.
O-O O-O 9. h3 Bh5 10. Qe2 h6 11. e5 dxe5 12. dxe5 Nh7 13. Rad1 Bg5 14. Bxh7+
Kxh7 15. Bxg5 hxg5 16. Ne4 Bxf3 17. Qxf3 Kg6 18. Qf5+ 1-0

[Event "Frankfurt Ch A 2015"]
[Site "Ffm-Höchst, BiKuZ"]
[Date "2015.05.04"]
[Round "2.28"]
[White "Thede, Stefan"]
[Black "Schmitt, Hans Walter"]
[Result "0-1"]
[WhiteElo "1608"]
[BlackElo "1917"]
[PlyCount "88"]
[EventDate "2015.??.??"]
[WhiteTeam "SV Frankfurt Nord"]
[BlackTeam "SC Bad Soden"]

1. Nf3 Nf6 2. d3 d5 3. g3 Nbd7 4. Bg2 e5 5. O-O Bd6 6. Nbd2 O-O 7. c3 c6 8. b4
a5 9. bxa5 Qxa5 10. Qc2 Nc5 11. Bb2 Na4 12. c4 Nxb2 13. Qxb2 e4 14. Nb3 Qc7 15.
c5 Be7 16. Nfd2 exd3 17. exd3 Bf5 18. Qc3 Ra3 19. Nb1 Ra4 20. Qd2 Rfa8 21. Nc3
Ra3 22. Rfe1 Kf8 23. h3 b6 24. d4 bxc5 25. Nxc5 Bxc5 26. dxc5 Qa5 27. Rac1 Qb4
28. Qg5 Be6 29. Qe5 Rd8 30. Qc7 Rd7 31. Qc8+ Ke7 32. Rb1 Qxc3 33. Re3 Qxc5 34.
Rb8 Kd6 35. Qf8+ Re7 36. Rb7 Nd7 37. Qd8 Qa5 38. Rxd7+ Rxd7 39. Qf8+ Re7 40.
Qb8+ Kd7 41. Qb7+ Kd6 42. Qb8+ Kc5 43. Rxa3 Qxa3 44. Qd8 Qa7 0-1

[Event "Frankfurt Ch A 2015"]
[Site "Ffm-Höchst, BiKuZ"]
[Date "2015.05.04"]
[Round "2.29"]
[White "Kellerwessel, Ralf"]
[Black "Zerhusen, Martin"]
[Result "1/2-1/2"]
[WhiteElo "1913"]
[BlackElo "1596"]
[PlyCount "110"]
[EventDate "2015.??.??"]
[WhiteTeam "SC Bad Soden"]
[BlackTeam "SV Oberursel"]

1. g3 d5 2. Bg2 Nf6 3. d3 e6 4. Nf3 Be7 5. O-O O-O 6. Nbd2 b6 7. c4 c6 8. a3
Nbd7 9. b4 Bb7 10. Bb2 Rc8 11. e4 dxe4 12. dxe4 h6 13. Qe2 Qc7 14. e5 Nh7 15.
Rfd1 Rfd8 16. Ne1 c5 17. Bxb7 Qxb7 18. b5 Nhf8 19. Ne4 Ng6 20. f4 Nb8 21. h4
Rd7 22. Rxd7 Nxd7 23. Rd1 Rd8 24. Qf3 Qc7 25. h5 Ngf8 26. Qg4 Kh8 27. Nd6 Kg8
28. f5 Bg5 29. Nf3 exf5 30. Qxf5 f6 31. Nxg5 hxg5 32. Ne4 Nxe5 33. Rxd8 Qxd8
34. Bxe5 fxe5 35. Qxe5 Qd1+ 36. Kf2 Qc2+ 37. Kf3 Qxc4 38. Kg4 Qe6+ 39. Qxe6+
Nxe6 40. Kf5 Nd4+ 41. Kxg5 Nxb5 42. a4 Na3 43. Kf5 c4 44. Ke5 a6 45. Kd5 b5 46.
Kc5 Nb1 47. axb5 axb5 48. Kxb5 c3 49. Nf2 Nd2 50. Nd3 Ne4 51. g4 Kh7 52. Kc4 c2
53. Kb3 Nf2 54. Nc1 Nxg4 55. Kxc2 Nf6 1/2-1/2

[Event "Frankfurt Ch A 2015"]
[Site "Ffm-Höchst, BiKuZ"]
[Date "2015.05.04"]
[Round "2.30"]
[White "Bergmann, Michael"]
[Black "Fröhlich-Dill, Astrid"]
[Result "0-1"]
[WhiteElo "1590"]
[BlackElo "1861"]
[PlyCount "82"]
[EventDate "2015.??.??"]
[WhiteTeam "SF Frankfurt"]
[BlackTeam "SV Hofheim"]

1. e4 c5 2. Nf3 Nc6 3. Bb5 g6 4. O-O Qc7 5. Re1 Ne5 6. Nc3 Bg7 7. Nd5 Nxf3+ 8.
Qxf3 Qd8 9. Qg3 e5 10. f4 a6 11. Bf1 d6 12. d4 cxd4 13. fxe5 dxe5 14. Bg5 f6
15. Bd2 Ne7 16. Nxe7 Qxe7 17. c3 dxc3 18. Bxc3 O-O 19. a3 Rd8 20. Rad1 Be6 21.
Bb4 Qc7 22. Rc1 Qb6+ 23. Kh1 Rac8 24. Red1 Rxc1 25. Rxc1 a5 26. Bc3 Bh6 27. Ra1
Qc5 28. Qe1 b6 29. b4 axb4 30. Bxb4 Qd4 31. Be7 Bd2 32. Qd1 Rd7 33. Bxf6 Qxe4
34. Bb5 Rd4 35. Qf1 Bd5 36. Be7 Bf4 37. Re1 Qf5 38. Bb4 Qh3 39. Qg1 Qh6 40. Bc3
Bxh2 41. Qe3 Bf4+ 0-1

[Event "Frankfurt Ch A 2015"]
[Site "Ffm-Höchst, BiKuZ"]
[Date "2015.05.04"]
[Round "2.31"]
[White "Dreis, Volker"]
[Black "Mehl, Ulrich"]
[Result "1-0"]
[WhiteElo "1847"]
[BlackElo "1571"]
[PlyCount "27"]
[EventDate "2015.??.??"]
[WhiteTeam "SV Frankfurt Nord"]
[BlackTeam "TSG Nieder-Erlenbach"]

1. e4 d5 2. exd5 Qxd5 3. Nc3 Qd6 4. d4 Nf6 5. Nf3 Bg4 6. Be2 e6 7. O-O c6 8.
Be3 Nbd7 9. h3 Bh5 10. Qd2 Be7 11. Bf4 Qb4 12. Bc7 Nd5 13. a3 Qxb2 14. Nxd5 1-0

[Event "Frankfurt Ch A 2015"]
[Site "Ffm-Höchst, BiKuZ"]
[Date "2015.05.04"]
[Round "2.32"]
[White "Bittner, Peter"]
[Black "Lessmann, Sven"]
[Result "0-1"]
[WhiteElo "1814"]
[BlackElo "1482"]
[PlyCount "162"]
[EventDate "2015.??.??"]
[WhiteTeam "SC Nied"]
[BlackTeam "SC Bad Soden"]

1. e4 d6 2. d4 Nf6 3. Bd3 g6 4. Nf3 Bg7 5. h3 O-O 6. O-O Nc6 7. c3 e5 8. d5 Ne7
9. a4 c6 10. c4 cxd5 11. cxd5 a5 12. Nc3 Nd7 13. Nb5 Nc5 14. Bc2 f5 15. Nd2
fxe4 16. Nxe4 Nxe4 17. Bxe4 b6 18. Bd2 Ba6 19. Rc1 Rc8 20. Rxc8 Nxc8 21. Qc1
Qd7 22. Qc6 Qxc6 23. dxc6 Ne7 24. Bg5 Bf6 25. Bxf6 Rxf6 26. Rc1 d5 27. Nc7 dxe4
28. Nxa6 Nxc6 29. Nc7 Nd4 30. Re1 Rc6 31. Nd5 Rd6 32. Nc3 Nc6 33. Nxe4 Rd3 34.
Rc1 Nd4 35. Rc8+ Kf7 36. Nd6+ Ke7 37. Nc4 Rd1+ 38. Kh2 Ra1 39. Nxb6 Ra2 40.
Rc7+ Ke6 41. Rxh7 Rxb2 42. Nc4 Rb4 43. Nxa5 Rxa4 44. Nb7 Ra2 45. Nc5+ Kd5 46.
Nd3 Ke4 47. Nc5+ Kd5 48. Nd7 Rxf2 49. Kg1 Rf5 50. Nb6+ Ke4 51. Re7 Kd3 52. Nd7
e4 53. Ne5+ Ke2 54. Nxg6 Rf1+ 55. Kh2 e3 56. Ne5 Kd1 57. Rd7 Rf4 58. Nd3 Re4
59. Ra7 Nc2 60. Nb2+ Kd2 61. Rd7+ Nd4 62. Nc4+ Kc3 63. Nxe3 Rxe3 64. h4 Re4 65.
g3 Nf3+ 66. Kh3 Ng1+ 67. Kg2 Ne2 68. h5 Re3 69. Kf2 Re6 70. g4 Nf4 71. Kg3 Rf6
72. Kh4 Ne6 73. Re7 Nf8 74. Kg5 Rd6 75. h6 Rg6+ 76. Kh5 Rg8 77. g5 Kd4 78. Rg7
Rh8 79. g6 Ke5 80. Rf7 Ne6 81. Re7 Kf6 $138 0-1

[Event "Frankfurt Ch A 2015"]
[Site "Ffm-Höchst, BiKuZ"]
[Date "2015.05.04"]
[Round "2.33"]
[White "Barisch, Florian"]
[Black "Thomsen, Walter Matias"]
[Result "1/2-1/2"]
[WhiteElo "1789"]
[BlackElo "1418"]
[PlyCount "87"]
[EventDate "2015.??.??"]
[WhiteTeam "SC Butzbach"]
[BlackTeam "SC Bad Soden"]

1. d4 d5 2. Nf3 Nf6 3. c4 c6 4. Nc3 e6 5. Bf4 Nbd7 6. cxd5 cxd5 7. e3 a6 8. Qa4
Be7 9. Bd3 O-O 10. O-O Nh5 11. Qc2 g6 12. Bh6 Ng7 13. h3 Kh8 14. Bf4 Bf6 15. a4
Nh5 16. Bh2 Bg7 17. a5 Nhf6 18. b4 Nb8 19. b5 Bd7 20. Rfb1 Qc8 21. Bd6 Rg8 22.
Ne5 Bf8 23. Bxb8 Rxb8 24. bxa6 bxa6 25. Rxb8 Qxb8 26. Bxa6 Kg7 27. Bd3 Bd6 28.
f4 Rc8 29. Ba6 Rc7 30. Qd3 Qb2 31. Rb1 Qxc3 32. Qxc3 Rxc3 33. Rb7 Rc7 34. Rb6
Bxe5 35. fxe5 Ne8 36. Bf1 Ra7 37. a6 Ra8 38. g4 Kf8 39. Kf2 Ke7 40. Rb7 Kd8 41.
a7 Nc7 42. Rb8+ Ke7 43. Rb7 Kd8 44. Rb8+ 1/2-1/2

[Event "Frankfurt Ch A 2015"]
[Site "Ffm-Höchst, BiKuZ"]
[Date "2015.05.04"]
[Round "2.36"]
[White "Witt, Holger"]
[Black "Teschler, Ulrich"]
[Result "0-1"]
[WhiteElo "1506"]
[BlackElo "2001"]
[PlyCount "44"]
[EventDate "2015.??.??"]
[WhiteTeam "SC Viernheim"]
[BlackTeam "SV Fechenheim"]

1. d4 Nf6 2. Bg5 e6 3. e4 Be7 4. e5 Nd5 5. Bxe7 Qxe7 6. c3 c5 7. Nf3 Nc6 8. a3
cxd4 9. cxd4 O-O 10. Bc4 Nf4 11. O-O f6 12. Re1 fxe5 13. dxe5 b6 14. Nc3 Bb7
15. Nb5 Nxg2 16. Kxg2 Nxe5 17. Rxe5 Bxf3+ 18. Qxf3 Rxf3 19. Kxf3 Qf6+ 20. Kg2
Qxe5 21. Nc3 Rf8 22. Rd1 Qc5 0-1

[Event "Frankfurt Ch A 2015"]
[Site "Ffm-Höchst, BiKuZ"]
[Date "2015.05.04"]
[Round "2.37"]
[White "Koch, Markus"]
[Black "Leibold, Mathias"]
[Result "1-0"]
[WhiteElo "2123"]
[BlackElo "1616"]
[PlyCount "97"]
[EventDate "2015.??.??"]
[WhiteTeam "SC Brett vorm Kopp"]
[BlackTeam "SV Fechenheim"]

1. e4 e5 2. d4 exd4 3. Qxd4 Nc6 4. Qe3 b6 5. Nc3 Bb7 6. Bd2 g6 7. O-O-O Bg7 8.
h4 Nf6 9. Nge2 Qe7 10. h5 O-O-O 11. h6 Bf8 12. Qg3 Nxe4 13. Nxe4 Qxe4 14. Nc3
Qe6 15. Re1 Qf5 16. Bd3 Bd6 17. Qh4 Qc5 18. Ne4 Qd5 19. Bc4 Qf5 20. g4 g5 21.
Nxd6+ cxd6 22. Bxg5 Qc5 23. Bb3 Nd4 24. Bxd8 Rxd8 25. Qh5 Bxh1 26. Qxh1 Nxb3+
27. axb3 Qg5+ 28. Re3 d5 29. Kb1 Kb8 30. Qf3 Rc8 31. Qxf7 Qxh6 32. Qxd7 Qg6 33.
Rd3 Qe4 34. Qd6+ Kb7 35. Qxd5+ Qxd5 36. Rxd5 Rc7 37. f4 Kc6 38. c4 Rg7 39. g5
Rg6 40. b4 a6 41. Kc2 h6 42. Kd3 hxg5 43. fxg5 Rg8 44. Ke4 Rf8 45. g6 Rg8 46.
Kf5 Re8 47. g7 b5 48. b3 Rb8 49. Kg6 1-0

[Event "Frankfurt Ch A 2015"]
[Site "Ffm-Höchst, BiKuZ"]
[Date "2015.05.04"]
[Round "2.38"]
[White "Orlinski, Wolfgang"]
[Black "Falkenhainer, Sven"]
[Result "1/2-1/2"]
[WhiteElo "2004"]
[BlackElo "1605"]
[PlyCount "59"]
[EventDate "2015.??.??"]
[WhiteTeam "SF Frankfurt"]
[BlackTeam "SC Bergen-Enkheim"]

1. d4 e6 2. Bf4 d5 3. e3 c5 4. c3 Nc6 5. Nf3 Nf6 6. Nbd2 Be7 7. Ne5 O-O 8. Bd3
cxd4 9. exd4 Bd6 10. O-O Qc7 11. Re1 a6 12. a4 Bd7 13. Qf3 Ne7 14. g4 Ng6 15.
Bg3 Ne8 16. a5 Bc6 17. b4 Bxe5 18. Bxe5 Nxe5 19. Rxe5 g6 20. Nb3 Nd6 21. Nc5
Nc4 22. Bxc4 dxc4 23. Qf6 Qd8 24. Qxd8 Rfxd8 25. Rae1 Rd5 26. f4 Rxe5 27. Rxe5
Kf8 28. Kf2 Re8 29. Ke3 Re7 30. Ne4 1/2-1/2

[Event "Frankfurt Ch A 2015"]
[Site "Ffm-Höchst, BiKuZ"]
[Date "2015.05.04"]
[Round "2.39"]
[White "Heun, Andreas"]
[Black "Egenolf, Dirk"]
[Result "1/2-1/2"]
[WhiteElo "1571"]
[BlackElo "1930"]
[PlyCount "50"]
[EventDate "2015.??.??"]
[WhiteTeam "SC Ladja Roßdorf"]
[BlackTeam "SK Niederbrechen"]

1. e4 c5 2. Nc3 Nc6 3. Bb5 Nd4 4. Bc4 a6 5. a4 b6 6. d3 e6 7. Nge2 Ne7 8. Nxd4
cxd4 9. Ne2 Nc6 10. O-O Be7 11. f4 O-O 12. Ng3 Bh4 13. Qf3 Kh8 14. Bd2 Bxg3 15.
Qxg3 f5 16. b4 Bb7 17. c3 d5 18. exd5 exd5 19. Bb3 dxc3 20. Bxc3 d4 21. Bd2 b5
22. Rfe1 Rf6 23. axb5 axb5 24. Rxa8 Bxa8 25. Re2 Rf8 1/2-1/2

[Event "Frankfurt Ch A 2015"]
[Site "Ffm-Höchst, BiKuZ"]
[Date "2015.05.04"]
[Round "2.40"]
[White "Bergner, Matthias"]
[Black "Winand, Edgar"]
[Result "0-1"]
[WhiteElo "1558"]
[BlackElo "1867"]
[PlyCount "76"]
[EventDate "2015.??.??"]
[WhiteTeam "SV Neu-Isenburg"]
[BlackTeam "SC Flörsheim"]

1. d4 d6 2. c4 g6 3. Nf3 Bg7 4. g3 Nc6 5. e3 e5 6. dxe5 Nxe5 7. Nxe5 Bxe5 8.
Bg2 Ne7 9. O-O O-O 10. Nd2 Rb8 11. Rb1 Be6 12. b3 Nf5 13. Bb2 Qf6 14. Bxe5 dxe5
15. Ne4 Qe7 16. Qe2 Ng7 17. Rfd1 f5 18. Nc3 c6 19. Rd2 e4 20. Rbd1 Qb4 21. Nb1
Ne8 22. Rd8 Nf6 23. Rxb8 Rxb8 24. Qd2 Qxd2 25. Rxd2 Kf7 26. Nc3 Ke7 27. Kf1 b5
28. c5 a5 29. f3 b4 30. Na4 Bd5 31. fxe4 Bxe4 32. Bxe4 Nxe4 33. Rd4 Rb5 34. Ke2
Nxc5 35. Nb2 Ne4 36. Nd1 Rc5 37. Kd3 Rc1 38. Nb2 Rc3+ 0-1

[Event "Frankfurt Ch A 2015"]
[Site "Ffm-Höchst, BiKuZ"]
[Date "2015.05.04"]
[Round "2.41"]
[White "Günther, Rainer"]
[Black "Liebske, Reiner"]
[Result "0-1"]
[WhiteElo "1554"]
[BlackElo "1771"]
[PlyCount "84"]
[EventDate "2015.??.??"]
[WhiteTeam "SV Mainz-Mombach"]
[BlackTeam "SV Frankfurt Nord"]

1. e4 c5 2. Nf3 Nc6 3. d4 cxd4 4. Nxd4 Nf6 5. Nc3 e6 6. Be3 Bb4 7. Bd3 O-O 8.
O-O Bxc3 9. bxc3 h6 10. f4 d6 11. Rb1 a6 12. Nxc6 bxc6 13. Rb6 Qc7 14. Qf3 c5
15. Rfb1 Nd7 16. R6b2 a5 17. e5 Ba6 18. Bxa6 Rxa6 19. Rb7 Qc8 20. exd6 Rxd6 21.
f5 e5 22. Qg3 Kh7 23. Qf2 Rd8 24. h3 a4 25. Ra7 Qc6 26. Rbb7 e4 27. c4 Rd1+ 28.
Kh2 Ne5 29. Qg3 R8d7 30. f6 Qxf6 31. Rxd7 Nxd7 32. Qf2 Qd6+ 33. g3 Ne5 34. Qf5+
g6 35. Qf4 Nf3+ 36. Kg2 Qxf4 37. gxf4 Kg7 38. Rxa4 Ne1+ 39. Kf2 Nxc2 40. Bxc5
Rd2+ 41. Kf1 e3 42. Bb4 e2+ 0-1